000 00704nam a2200241 i 4500
001 C2-0118666
003 PPAK
005 20180727111414.0
008 970803s1986 enka|||| ||||| | eng d
020 _a0907516939
040 _aPPAK
_beng
_cPPAK
_erda
082 0 4 _a929.7094
_223
090 0 0 _a929.7094
_bHAM
_dG
100 1 _aHamilton, Alan,
_eauthor
245 1 4 _aThe royal One Hundred
264 1 _aLondon :
_bPavilion Books Ltd. ,
_c1986
300 _a130 pages :
_bcolour illustrations ;
_c20 cm
336 _2rdacontent
_atext
337 _2rdamedia
_aunmediated
338 _2rdacarrier
_avolume
650 1 0 _aRoyal house - Europe ; Europe - Kings and rulers - Genealogy
942 _ddc
_cB
999 _c32448
_d32448